000
00289nam a2200133Ia 4500
100
_a
Morgan/R/ Mcgilton/H
942
_c
BK
654
_a
Unix
245
_a
Introducing Unix system V
260
_b
McGraw Hill
_a
New York
_c
1987
082
_a
5.13
_b
MOR
300
_a
612
546
_a
ENGLISH
999
_c
27243
_d
27243